| 000 | 02897cgm a2200529Ia 4500 | ||
|---|---|---|---|
| 003 | data | ||
| 005 | 20260322212025.0 | ||
| 007 | data | ||
| 008 | data | ||
| 020 | _a9780766257375 | ||
| 020 | _a0766257371 | ||
| 024 | 1 | _a018713588760 | |
| 028 | 4 | 2 |
_a05-58876 _bGaiam |
| 037 |
_bMidwest Tape _nhttp://www.midwesttapes.com |
||
| 040 |
_aTEFMT _cTEFMT _dOTC _dTEF _dIXA _dYDXCP _dTXI _dVP@ _dOTC |
||
| 050 | 4 |
_aBJ1595 _b.I15 2011 |
|
| 082 | 0 | 4 |
_a170.44 _223 |
| 090 | _aDVD 170.44 A4 | ||
| 245 | 1 | 0 |
_aI am _h[videorecording] / _cTom Shadyac ... [et al.]. |
| 260 |
_aLouisville, CO : _bDistributed by Gaiam Americas, Inc., _aLouisville, CO : _bDistributed by Gaiam Americas, Inc., _cc2011. |
||
| 300 |
_a1 videodisc (ca. 78 min.) : _bsd., col. ; _c4 3/4 in. |
||
| 500 | _aOriginally produced as a documentary in 2010. | ||
| 508 | _aEditor, Jennifer Abbott ; director of photography, Roko Belic. | ||
| 511 | 0 | _aNarrator, Tom Shadyac; commentators Ray Anderson, Marc Ian Barasch, Coleman Barks, Noam Chomsky, John Francis, Thom Hartmann, Dacher Keltner, Rollin McCraty, Chris Jordan, Lynne McTaggart, Daniel Quinn, Dean Radin, Elisabet Sahtouris, Marilyn Schlitz, Richard Shadyac, David Suzuki, Desmond Tutu, Howard Zinn. | |
| 520 | _aDon't know who Tom Shadyac is? As a writer and a director, Shadyac first unleashed Ace Ventura: Pet Detective and The Nutty Professor remake on the world, and then a string of film fiascoes, but that's all behind him now. A bike accident left him with a host of debilitating maladies and brought him to the verge of suicide, so he took stock of his life and set out on a quest to answer some of life's greatest questions. What's wrong with the world? How do we go about fixing it? Is the fundamental nature of man essentially benevolent or cruel? So he traveled around, enlisting the aid of what he calls "significant minds" --journalists, scientists, spiritual leaders, scholars--to understand life's essential questions. "I Am" is his documentary about this quest. | ||
| 538 | _aDVD; Region 1, NTSC; Dolby digital stereo; anamorphic 16:9 widescreen presentation. | ||
| 600 | 1 | 0 |
_aShadyac, Tom _xPhilosophy. |
| 650 | 0 | _aConduct of life. | |
| 650 | 0 | _aPhilosophy. | |
| 650 | 0 |
_aMotion picture producers and directors _vBiography. |
|
| 655 | 7 |
_aDocumentary films. _2lcgft. |
|
| 655 | 7 |
_aNonfiction films. _2lcgft. |
|
| 655 | 7 |
_aFeature films. _2lcgft. |
|
| 655 | 7 |
_aFeature films _zUnited States. _2local. |
|
| 700 | 1 |
_aShadyac, Tom. _4drt. _4drt. |
|
| 700 | 1 |
_aHandy, Dagan. _4pro. |
|
| 700 | 1 |
_aWatson, Jonathan. _4pro. |
|
| 700 | 1 |
_aAbbott, Jennifer. _4pro. |
|
| 700 | 1 |
_aSuzuki, David T., _d1936- _4ive. |
|
| 700 | 1 |
_aZinn, Howard, _d1922-2010. _4ive. |
|
| 700 | 1 |
_aTutu, Desmond. _4ive. |
|
| 710 | 2 | _aShady Acres (Firm) | |
| 710 | 2 | _aFlying Eye Productions. | |
| 710 | 2 | _aHomemade Canvas Productions. | |
| 710 | 2 | _aGaiam Americas, Inc. | |
| 001 | data | ||
| 999 |
_c561 _d561 |
||